00858 2200313 4500001002100000005001500021035002000036007000300056040001700059100002600076245009900102250001200201300002400213504002400237020002200261041000800283082001000291084001600301090002200317264003300339336002100372337003000393338002300423650001500446710002400461850001000485008004100495990000800536INLIS00000000000833520260526105403 a0010-0922000824ta aSBPUPADbind0 aErminawatiePengarang1 aPenuntun Praktis Usaha Peternakan (Sapi Potong dan Kambing) /cErminawati; editor, Tim Ricardo a.-Cet.1 avi, 42 hlm ;c21 cm aBibliografi, hlm 42 a978-979-1487-29-007aInd a636.2 a636.2 ERN p a636.2 ERN p L19-8 a.--Jakarta :bRicardo,c2005 2rdacontentateks 2rdamediaatanpa perantara 2rdacarrieravolume 4aPeternakan1 aeditor, Tim Ricardo aPUPAD260526 0  a636